Statistiques concernant Guests dans la série Friends

Cliquez ici pour prendre le quiz!

Statistiques générales

  • Ce quiz a été pris 130 fois
  • Le résultat moyen est 7 sur 28

Statistiques - réponses

Nom dans la sérieIndice dans la sérieIndice généralRéponse% Correct
Susie MossCulottePrettyJulia Roberts
75%
Richard BurkeMoustacheMagnumTom Selleck
75%
Paul StevensElizabethMcLaneBruce Willis
56%
Will ColbertClubClubBrad Pitt
51%
Jill GreenSœurBlondeReese Witherspoon
48%
TommyHystériqueMuséeBen Stiller
47%
Voisin de Rachel dans l'avionLondresDocteurHugh Laurie
37%
Dr MitchellHôpitalUrgencesGeorges Clooney
36%
Melissa WarburtonBaiserEdwardWinona Ryder
33%
Amy GreenSœurDead to meChristina Applegate
28%
Thomas, client du Central PerkCocuVietnamRobin Williams
28%
RoyStrip-teaserBatmanDanny DeVito
25%
ParkerPositifBeetlejuiceAlec Baldwin
24%
Janine LacroixColocataireMannequinElle McPherson
20%
Cecilia MonroeJessica LockhartLouiseSusan Sarandon
19%
RyanVaricelleShotsCharlie Sheen
18%
MalcolmHarcèlementScreamDavid Arquette
18%
Missy GoldbergAncienne élèveGreyEllen Pompeo
17%
Richard CrosbyFilm de guerreLéonGary Oldman
12%
Leonard HayesAuditionDinosaureJeff Goldblum
11%
SandyNounouBuffyFreddy Prinze Jr
10%
Rob DonnenÉcoleBlue HotelChris Isaak
8%
MindyBarryDancingJennifer Grey
8%
AmandaAccentStifflerJennifer Coolidge
7%
Tim, qui discute avec ce même clientGynécologueHarryBilly Crystal
5%
Stephanie SchifferGuitarePretendersChrissie Hynde
3%
EarlTonerSeinfeldJason Alexander
2%
ErinPetite amie de JoeyCharlotteKristin Davis
0%

Distribution des résultats

Percentile par nombre de réponses

% des personnes avec chaque résultat

Votre développement - résultats

Vous n’avez pas pris ce quiz